| 000 | 01284nam a2200337 i 4500 | ||
|---|---|---|---|
| 003 | EG-ScBUE | ||
| 005 | 20240916130939.0 | ||
| 008 | 180311s2015 nyua f b 001 0 eng d | ||
| 020 | _a9789814670876 | ||
| 020 | _a9814670871 | ||
| 040 |
_aEG-ScBUE _beng _erda _cEG-ScBUE _dEG-ScBUE |
||
| 082 | 0 | 4 |
_a511.02462 _bCHA _222 |
| 100 | 1 |
_aChapra, steven C., _eauthor. |
|
| 245 | 1 | 0 |
_aNumerical methods for engineers / _cSteven C. Chapra, berger chair in computing and engineering, Tufts University, Raymond P. Canale, professor emeritus of civil engineering, University of Michigan. |
| 250 | _aSeventh edition. | ||
| 250 | _aInternational edition. | ||
| 264 | 1 |
_aNew York : _bMcGraw-Hill Education, _c2015. |
|
| 300 |
_axvi, 970 pages : _billustrations ; _c28 cm |
||
| 336 |
_2rdacontent _atext _btxt |
||
| 337 |
_aunmediated _2rdamedia _bn |
||
| 338 |
_avolume _bnc _2rdacarrier |
||
| 504 | _aIncludes bibliographical references and index. | ||
| 650 | 7 |
_aNumerical calculations _xData processing. _2BUEsh _912960 |
|
| 650 | 7 |
_aEngineering mathematics _xData processing. _2BUEsh |
|
| 650 | 7 |
_aMicrocomputers _xProgramming. _2BUEsh |
|
| 651 | _2BUEsh | ||
| 653 |
_bENGGEN _cMarch2018 |
||
| 655 |
_vText book _933728 |
||
| 700 | 1 |
_aCanale, Raymond P., _eauthor. _912962 |
|
| 942 |
_2ddc _cBB |
||
| 999 |
_c26271 _d26243 |
||